000 00506nam a2200229Ia 4500
003 IT-RoPAU
008 120407s9999 xx 000 0 und d
040 _aIT-RoPAU
040 _cIT-RoPAU
041 _aita
100 _aTomas Larranaga
245 _aPreghiamo con la Parola nel Tempo di Pasqua.
250 _aMilano
260 _aEdizioni Paoline
260 _c1993
300 _a53 p.
300 _c18 cm
490 _aComunità in ascolto
490 _v13
942 _cBK
999 _c35527
_d35527